2: L'inversione sessuale /

में बचाया:
ग्रंथसूची विवरण
मुख्य लेखक: Ellis, Havelock (लेखक)
अन्य लेखक: Manieri, Flavio (परिचय का लेखक, आदि।), Ozzola, Alessandra (अनुवादक)
स्वरूप: पुस्तक
भाषा:इतालवी
प्रकाशित: Roma : Newton Compton italiana, 1970
श्रृंखला:Paperbacks saggi ; 12
टैग: टैग जोड़ें
कोई टैग नहीं, इस रिकॉर्ड को टैग करने वाले पहले व्यक्ति बनें!

MARC

LEADER 00000nam a22000007ib4500
001 IT\ICCU\SBL\0366705
003 ItRI
005 20260222223222.0
008 910930s1970 it |||||| ||||| |||||c
015 |2 IT  |a 7135 
040 |b ita  |c ct 
041 7 |a ita  |2 ISO-639-2 
100 1 |a Ellis, Havelock  |0 IT\ICCU\RAVV\055979  |4 aut 
245 1 5 |a 2: L'inversione sessuale /  |c Havelock Ellis ; introduzione di Flavio Manieri. 
260 |a Roma :  |b Newton Compton italiana,  |c 1970 
300 |a 260 p. ;  |c 19 cm 
500 |a Traduzione di Alessandra Ozzola 
700 1 |a Manieri, Flavio  |0 IT\ICCU\CFIV\067899  |4 aui 
700 1 |a Ozzola, Alessandra  |0 IT\ICCU\SBLV\187971  |4 trl 
773 0 |w IT\ICCU\SBL\0352436  |t Psicologia del sesso  |g 2  |a Ellis, Havelock  |0 IT\ICCU\RAVV\055979 
830 0 |a Paperbacks saggi ;  |v 12  |0 IT\ICCU\CFI\0017915 
942 |2 ddc  |c BK 
952 |0 0  |1 0  |2 ddc  |4 0  |6 B_SSA03ELLHAPSI11  |7 0  |9 5992  |a MI  |b MI  |d 1987-11-12  |i 661  |l 0  |o B-SSA03-ELLHA-PSI11  |p CDOM661  |r 2025-07-13 16:28:00  |w 2025-07-13  |x DONO  |y BK 
952 |0 0  |1 0  |4 0  |6 DOC_155_300000000000000_ELL  |7 0  |9 23712  |a BO  |b BO  |d 2026-01-15  |i 4585  |l 0  |o DOC 155.3 ELL  |p BO4585  |r 2026-01-15 23:23:07  |w 2026-01-15  |x [Sebina 5] [V. 2]  |y BK  |z V. 2 
982 1 |6 z01  |a n 
999 |c 4786  |d 4786